| 000 | 00495nam a22001697a 4500 | ||
|---|---|---|---|
| 003 | CEME | ||
| 005 | 20210628203538.0 | ||
| 008 | 210119b xxu||||| |||| 00| 0 eng d | ||
| 040 | _c. | ||
| 082 | _a297.63 QUR | ||
| 100 |
_aShaikh Abdul Rehman Bin Hassan Al Shaikh. Allama, Atta Ullah Saqib _966165 |
||
| 245 | _aQuraat ul uoon almohideen | ||
| 260 |
_aLAHORE _bISLAMIC PUBLICATIONS _c2005 |
||
| 300 | _a300P | ||
| 650 |
_aISLAM-QURAAT UL UOON ALMOHIDEEN.ISLAM-JADO _966166 |
||
| 942 |
_cBK _2ddc |
||
| 999 |
_c574175 _d574175 |
||